000 00422nam a2200157Ia 4500
001 16688
003 IN-NITTTR
005 20251114233157.0
008 251113s9999||||xx |||||||||||||| ||eng||
040 _beng
040 _cIN-NITTTR
041 _aeng
082 _a369 A41V
245 0 _aVoluntary agencies and housing :
_b a report on some voluntary agencies working in the field of housing in India /
942 _2ddc
_cBK
999 _c19322
_d19322